| 000 | 00833nam a22002897a 4500 | ||
|---|---|---|---|
| 001 | 7237 | ||
| 003 | FISKH | ||
| 005 | 20260403100045.0 | ||
| 008 | 250703b cb ||||| |||| 00| 0 eng d | ||
| 020 | _a9780142403464 | ||
| 040 |
_aFISKH _beng _cFISKH _dFISKH |
||
| 050 | _aPZ7.M9955 E | ||
| 082 | _a176 | ||
| 100 |
_aMyracle, Lauren _d(1969-) |
||
| 245 |
_aEleven / _cLauren Myracle |
||
| 250 | _aThis edition first published in 2004 | ||
| 260 |
_aLondon : _bPuffin Book, _c2004 |
||
| 300 |
_a201 pages : _c20 cm |
||
| 505 | _aR | ||
| 520 | _aThe year between turning eleven and turning twelve bring many changes for Winnie and her friends. | ||
| 521 | 8 |
_a660
_bLexile |
|
| 521 | 8 |
_aR
_bRaz-Plus |
|
| 650 |
_2Growing up _aChildren's |
||
| 650 |
_2Realistic fiction _aTween |
||
| 942 |
_2ddc _cBK _n0 |
||
| 999 |
_c7237 _d7237 |
||